000 00303nam a2200121Ia 4500
008 190216s9999||||xx |||||||||||||| ||und||
100 _aSoban Pal Sumnakshar. Dr.
245 0 _aHindi- Dalit Sahitya
260 _bBharatiya Dalit Sahitya Acadamy
_c2002
300 _a2002
650 _aHindi
942 _cBK
999 _c16145
_d16145